Nečinnosť je tiež porušením zákona

Nečinnosť a prieťahy orgánov verejnej správy a súdneho konania v Slovenskej republike - ide vlastne o porušovanie práva. Vymedzenie kompetencie orgánov verejnej správy je nepresná a nedostatočná. Nedostatočná odborná úroveň pracovníkov orgánov verejnej správy. Uplatňovanie zodpovednosti. Neefektívna...

Ausführliche Beschreibung

Gespeichert in:
Bibliographische Detailangaben
1. Verfasser: Tóthová, Katarína
Format: Buchkapitel
Sprache:Slowakisch
Schlagworte:
Tags: Tag hinzufügen
Keine Tags, Fügen Sie das erste Tag hinzu!

MARC

LEADER 00000naa$a2200000$$$4500
001 0005878
005 20231016083416.8
041 0 |a slo 
044 |a SK 
245 1 0 |a Nečinnosť je tiež porušením zákona  |c aut. Katarína Tóthová 
520 |a Nečinnosť a prieťahy orgánov verejnej správy a súdneho konania v Slovenskej republike - ide vlastne o porušovanie práva. Vymedzenie kompetencie orgánov verejnej správy je nepresná a nedostatočná. Nedostatočná odborná úroveň pracovníkov orgánov verejnej správy. Uplatňovanie zodpovednosti. Neefektívna právna regulácia. 
610 2 0 |a súdy 
610 2 0 |a správa verejná 
610 2 0 |a kompetencie 
610 2 0 |a odbornosť 
610 2 0 |a zodpovednosť 
610 2 0 |a regulácia 
610 2 0 |a právo 
100 1 |a Tóthová, Katarína